000 00292nam a2200121 a 4500
008 100914s1995|||| d
245 1 0 _aCelestínske proroctví
100 1 _aRedfield, James
260 _bKnižní klub
_aČeský Tešín
_c1995
020 _c201
044 _aCZ
041 _acze
999 _c10328
_d10328